00298nam a2200097Ia 4500008004100000245007700041245001300118260000900131650001200140856004800152171211s9999 xx 000 0 und d aFrom Cats' Eyes To... Reflectors (Innovations from Nature (Cherry Lake)) cWil Mara c2012 xANIMALS uhttp://down.ebook777.com/056/1610806743.pdf